00730cam a22002291 450000100060000000300080000600500170001400800410003103500190007203500190009104000460011004100080015608200210016410000380018524501000022325000170032326000580034030000260039850000260042465000110045070000390046118320BD-RjUL20211209000253.0140220r19471946enk 000 p eng d a(BD-RjUL)18378 a(OCoLC)3435578 aDLCcNcRSdNcRSdOCoLCdDLCdBD-RjULbeng aeng00a821.91bFLC 19611 aFlecker, James Elroy,d1884-1915.14aThe collected poems of James Elroy Flecker /cedited, with an introduction, by Sir John Squire. a3d ed., rev. aLondon :bSecker and Warburg,c1946. [Reprinted 1961] axxx, 162 p. ;c22 cm. a"First edition 1916." aPoetry1 aSquire, John Collings,d1884-1958,